[Event "Challenge"]
[Site "http://www.queenalice.com/game.php?id=433465"]
[Date "2008.7.15"]
[Round "-"]
[White "sirebro"]
[Black "holeripla"]
[Result "0-1"]
[WhiteElo "973"]
[BlackElo "1163"]

1. e4 Nc6 2. b3 Nf6 3. Ba3 d6 4. Ne2 e5 5. f3 Nh5 6. Ng3 Nf4 7. Nc3 Be7 8. Nd5
O-O 9. c4 b6 10. b4 Nd4 11. Ne2 Bh4+ 12. g3 Nd3# 0-1

[Event "Challenge"]
[Site "http://www.queenalice.com/game.php?id=433787"]
[Date "2008.7.15"]
[Round "-"]
[White "sirebro"]
[Black "holeripla"]
[Result "0-1"]
[WhiteElo "992"]
[BlackElo "1106"]

1. Nc3 e6 2. Nf3 d6 3. a4 Nf6 4. e4 Nc6 5. Ng5 Qe7 6. Nxh7 Nxh7 7. Qh5 g6 8. Qg4
Nf6 9. h4 Nxg4 10. Bb5 Qf6 11. f3 a6 12. Bc4 Bh6 13. Ne2 b6 14. Rh3 Rb8 15. Ra3
b5 16. axb5 axb5 17. Bd3 b4 18. Rb3 Na5 19. Rc3 b3 20. cxb3 Nxb3 21. Bb5+ Rxb5
22. h5 O-O 23. Rxc7 g5 24. Nd4 Ne5 25. Nxb3 Rxb3 0-1

[Event "el desafio 6 - llego la venganza"]
[Site "http://www.queenalice.com/game.php?id=433974"]
[Date "2008.7.16"]
[Round "-"]
[White "sirebro"]
[Black "luchos74"]
[Result "0-1"]
[WhiteElo "992"]
[BlackElo "1462"]

1. a4 e5 2. Ra3 Bxa3 3. bxa3 Qf6 4. Nh3 Qb6 5. Nc3 d6 6. d3 Nf6 7. Nb5 a6 8. Nc3
Nc6 9. Ne4 Nxe4 10. dxe4 O-O 11. g4 Bxg4 12. Ng5 h6 13. Nf3 f5 14. Qd5+ Kh8 15.
Bg2 fxe4 16. Nd2 Qxf2+ 17. Kd1 Qxe2# 0-1

[Event "Challenge"]
[Site "http://www.queenalice.com/game.php?id=434027"]
[Date "2008.7.16"]
[Round "-"]
[White "sirebro"]
[Black "Denny"]
[Result "0-1"]
[WhiteElo "961"]
[BlackElo "1089"]

1. Nf3 e6 2. c4 d5 3. Qa4+ b5 4. Qxb5+ Qd7 5. Qa5 Ba6 6. Qc3 dxc4 7. Qxc4 Bxc4
8. Na3 Bd5 9. Ne5 Qd6 10. Ng4 h5 11. Ne3 g5 12. g3 Bxh1 13. Bh3 g4 14. Bxg4 hxg4
15. Nxg4 Qd5 16. b4 Bg7 17. Rb1 Qxa2 0-1

[Event "El Reto"]
[Site "http://www.queenalice.com/game.php?id=434381"]
[Date "2008.7.16"]
[Round "-"]
[White "Thai"]
[Black "sirebro"]
[Result "1-0"]
[WhiteElo "1149"]
[BlackElo "974"]

1. d4 c6 2. Nf3 Qa5+ 3. c3 g6 4. b4 Qf5 5. g3 Na6 6. Nh4 Qh5 7. Ba3 Nf6 8. f4
Ne4 9. Bg2 Nd6 10. Bf3 Qh6 11. O-O Bg7 12. Qa4 Nc4 13. Bc1 g5 14. Nf5 Qh3 15.
Nxg7+ Kf8 16. Nf5 Qxf5 17. g4 Qxf4 18. Bxf4 Nc5 19. dxc5 gxf4 20. b5 1-0

[Event "el Desafio 20-20"]
[Site "http://www.queenalice.com/game.php?id=434929"]
[Date "2008.7.17"]
[Round "-"]
[White "sirebro"]
[Black "luchos74"]
[Result "0-1"]
[WhiteElo "946"]
[BlackElo "1492"]

1. e4 e5 2. Bb5 c6 3. Ba4 Qh4 4. g3 Qxe4+ 5. Kf1 Qxh1 6. Qh5 Nf6 7. Qxe5+ Be7 8.
d4 Qxh2 9. Ke2 Qxg1 10. Bd2 d6 11. Qa5 Bg4+ 12. Kd3 Qxf2 13. b4 Qe2+ 0-1

[Event "Denny"]
[Site "http://www.queenalice.com/game.php?id=444385"]
[Date "2008.8.6"]
[Round "1"]
[White "sirebro"]
[Black "luchos74"]
[Result "0-1"]
[WhiteElo "942"]
[BlackElo "1506"]

1. e4 e5 2. Nc3 Qf6 3. Nf3 Nh6 4. Bb5 a6 5. Bc4 b5 6. Bd5 c6 7. Bb3 a5 8. d4
exd4 9. O-O dxc3 10. bxc3 a4 11. h3 axb3 12. cxb3 b4 13. cxb4 Qxa1 14. Ne5 Qxe5
15. f4 Qb5 16. Re1 Qxb4 17. Bd2 Bc5+ 18. Kh2 Qa3 19. Qh5 Qxa2 20. Qd1 O-O 21. e5
Re8 22. f5 Nxf5 23. Qh5 Qxd2 24. Qxh7+ Kf8 25. Rg1 Qf4+ 26. g3 Bxg1+ 27. Kg2
Qxg3+ 28. Kf1 Qf2# 0-1

[Event "Mesa de prueba 2"]
[Site "http://www.queenalice.com/game.php?id=447943"]
[Date "2008.8.12"]
[Round "1"]
[White "sirebro"]
[Black "Undertaker"]
[Result "0-1"]
[WhiteElo "946"]
[BlackElo "1912"]

1. Nf3 Nc6 2. b3 e5 3. Ba3 Nf6 4. g3 Ng4 5. Bh3 d5 6. b4 Qf6 7. Nc3 e4 8. Nxd5
Qd6 9. c4 exf3 10. O-O Qh6 11. Nxc7+ Kd8 12. Nxa8 Qxh3 13. e4 Qg2# 0-1

[Event "Arriba San Vicente !!!!"]
[Site "http://www.queenalice.com/game.php?id=448398"]
[Date "2008.8.14"]
[Round "-"]
[White "sirebro"]
[Black "Thai"]
[Result "0-1"]
[WhiteElo "942"]
[BlackElo "1319"]

1. Nf3 e6 2. Nc3 Nc6 3. g3 Bc5 4. d4 Bxd4 5. Be3 Bf6 6. Bc5 b6 7. Ba3 Bb7 8. h4
e5 9. Qd5 Nge7 10. Qe4 Rb8 11. Rd1 Nd4 12. Rd2 Bxe4 13. Nxe4 Nxf3+ 14. exf3 d5
15. Nc3 O-O 16. Nb5 Ra8 17. h5 a6 18. Nc3 Bg5 19. f4 exf4 20. Bd3 fxg3 21. Rh4
Bxh4 22. Bxh7+ Kxh7 0-1

[Event "Denny"]
[Site "http://www.queenalice.com/game.php?id=452631"]
[Date "2008.8.23"]
[Round "3"]
[White "Denny"]
[Black "sirebro"]
[Result "1-0"]
[WhiteElo "1265"]
[BlackElo "940"]

1. d4 Nc6 2. e4 Nf6 3. e5 Ne4 4. Qf3 Ng5 5. Bxg5 f6 6. Bc4 e6 7. exf6 Bb4+ 8. c3
h6 9. f7+ Kf8 10. Bxd8 d5 11. Bxd5 exd5 12. cxb4 Nxd4 13. Qd1 Nc6 14. h4 Nxb4
15. Rh3 Kxf7 16. Rf3+ Ke6 17. Re3+ Kd7 18. Qg4+ Kxd8 19. Qxb4 Bf5 20. Nc3 a5 21.
Qd4 Re8 22. Qxd5+ Bd7 23. O-O-O c6 24. Qxd7# 1-0

[Event "Salvesen"]
[Site "http://www.queenalice.com/game.php?id=454312"]
[Date "2008.8.27"]
[Round "1"]
[White "barreiro"]
[Black "sirebro"]
[Result "1-0"]
[WhiteElo "922"]
[BlackElo "940"]

1. e4 Nf6 2. Bc4 g6 3. b4 Nxe4 4. Qf3 Nd6 5. Qxf7+ Nxf7 6. h4 e5 7. Rh3 Qg5 8.
hxg5 Nxg5 9. Rg3 Ne4 10. Bd3 Nd6 11. Nc3 Nf5 12. Rf3 Bxb4 13. Nb5 Nc6 14. Nxc7+
Kd8 15. Nxa8 Ncd4 16. Rh3 Ng7 17. Rb1 d6 18. Rxb4 h5 19. Bxg6 Nxc2+ 20. Bxc2 Bg4
21. Rd3 a5 22. Rxb7 e4 23. Rxd6+ Kc8 24. Rxg7 Kb8 25. Ra6 e3 26. dxe3 Re8 27.
Nb6 Re4 28. Bxe4 Bc8 29. Ra8# 1-0

[Event "Challenge"]
[Site "http://www.queenalice.com/game.php?id=457215"]
[Date "2008.9.2"]
[Round "-"]
[White "herick_douglas"]
[Black "sirebro"]
[Result "1-0"]
[WhiteElo "1593"]
[BlackElo "937"]

1. e4 e5 2. Qh5 Nf6 3. Qxe5+ Be7 4. d4 c5 5. dxc5 Nc6 6. Qf4 d6 7. cxd6 Qa5+ 8.
Bd2 Nb4 9. Na3 O-O 10. dxe7 Re8 11. c3 Rxe7 12. cxb4 Qa4 13. f3 Qc2 14. Nxc2 1-0

[Event "OTRA VEZ. . . . . "]
[Site "http://www.queenalice.com/game.php?id=457468"]
[Date "2008.9.2"]
[Round "-"]
[White "Thai"]
[Black "sirebro"]
[Result "0-1"]
[WhiteElo "1372"]
[BlackElo "937"]

1. e4 e5 2. Nf3 c6 3. Nxe5 Qf6 4. f4 Qh4+ 5. g3 Qh6 6. Nc3 a5 7. d4 Bb4 8. d5
Nf6 9. a3 a4 10. axb4 Na6 11. f5 g5 12. dxc6 O-O 13. cxd7 Nxd7 14. Nxd7 Rd8 15.
Nb6 Rxd1+ 16. Kxd1 Qxb6 17. Nxa4 Qd4+ 18. Bd2 b5 19. c3 Qxe4 20. Rg1 Bxf5 21.
Rc1 Bg4+ 22. Be2 Bxe2+ 23. Ke1 Nc7 24. Nc5 Qf5 25. Kxe2 Qg4+ 26. Ke1 Re8+ 27.
Kf2 Qf5+ 28. Bf4 Nd5 29. g4 Qxf4+ 30. Kg2 Ne3+ 31. Kh3 Qf2 32. Rg2 Nxg2 33. Nd7
Re6 34. Rd1 Rh6# 0-1

[Event "<'(U.U)'>"]
[Site "http://www.queenalice.com/game.php?id=458872"]
[Date "2008.9.5"]
[Round "-"]
[White "thom"]
[Black "sirebro"]
[Result "0-1"]
[WhiteElo "1683"]
[BlackElo "997"]

1. e4 e5 2. Nf3 Bb4 3. c3 Ba5 4. d3 Nf6 5. Nxe5 b6 6. b4 d6 7. Nf3 Bg4 8. bxa5
bxa5 9. Be2 Nc6 10. O-O Rb8 11. Qa4 Bd7 12. Qc2 O-O 13. d4 Bg4 14. h3 Bh5 15.
Bg5 Rb5 16. d5 Rb6 17. Nh2 Qe7 18. Bxh5 Ne5 19. f4 Nc4 20. Qe2 h6 21. Bh4 Qe8
22. Qxc4 Nxh5 23. Nd2 Rb2 24. Qxc7 Rxd2 0-1

[Event "OTRA VEZ. . . . . 2"]
[Site "http://www.queenalice.com/game.php?id=459084"]
[Date "2008.9.6"]
[Round "-"]
[White "Thai"]
[Black "sirebro"]
[Result "0-1"]
[WhiteElo "1324"]
[BlackElo "967"]

1. e4 e5 2. Qf3 Nf6 3. Bc4 Bb4 4. g4 a5 5. g5 O-O 6. gxf6 Qxf6 7. Qg3 g6 8. c3
Bc5 9. d4 Ra6 10. Bxa6 Nxa6 11. Bh6 Re8 12. dxc5 Nxc5 13. Nf3 Nxe4 14. Qg4 Nd6
15. Rg1 Nf5 16. Nbd2 Nxh6 17. Qc4 Qb6 18. Rb1 d6 19. Rg3 Bf5 20. Rc1 Qxb2 21.
Nb3 Bc2 22. Rh3 Bxb3 23. axb3 Qxc1+ 24. Ke2 Rb8 25. Nh4 c6 26. f4 Qg1 27. Nf3
Qg2+ 28. Ke3 Qxh3 29. Ke4 d5+ 30. Qxd5 cxd5+ 31. Kxd5 Qxf3+ 32. Kxe5 Re8+ 33.
Kf6 Kf8 34. c4 Ng8+ 35. Kg5 Re4 36. c5 Qxf4# 0-1

[Event "QUIERO JUAGAR CON USTED"]
[Site "http://www.queenalice.com/game.php?id=461030"]
[Date "2008.9.10"]
[Round "-"]
[White "Thai"]
[Black "sirebro"]
[Result "1-0"]
[WhiteElo "1357"]
[BlackElo "1025"]

1. e4 e5 2. Nf3 Bb4 3. g4 h5 4. gxh5 Rxh5 5. c3 Bc5 6. Rg1 g6 7. d4 exd4 8. cxd4
Bb4+ 9. Nc3 Qe7 10. Ne5 Rxh2 11. Bg5 f6 12. Bf4 g5 13. Bxh2 fxe5 14. Bxe5 d6 15.
Bh2 Be6 16. Bb5+ c6 17. Qh5+ Bf7 18. Qh8 cxb5 19. O-O-O Qe6 20. d5 Qd7 21. a3
Bc5 22. Rxg5 Na6 23. Bf4 O-O-O 24. Rg7 Bxf2 25. Rh1 b4 26. axb4 Nxb4 27. Rhh7
Nf6 28. Rxf7 Na2+ 29. Nxa2 Nxe4 30. Rxd7 Rxh8 31. Rxh8+ Kxd7 32. Nb4 Kc7 33. Nd3
Bd4 34. Rh4 Nc5 35. Bg5 Na4 36. Rxd4 Nb6 37. Nb4 Na4 38. Re4 Nc3 39. bxc3 a5 40.
Nd3 a4 41. Rxa4 b5 42. Ra5 b4 43. Nxb4 Kb6 44. Ra8 Kc5 45. Rc8+ Kb5 46. Rd8 Ka4
47. Rxd6 Ka3 48. Ra6+ Kb3 49. Na2 Kc4 50. d6 Kd3 51. d7 Ke2 52. d8=Q Kf3 53.
Rf6+ Kg4 54. Qg8 Kg3 55. Bh4+ 1-0

[Event "Salvesen"]
[Site "http://www.queenalice.com/game.php?id=461033"]
[Date "2008.9.10"]
[Round "2"]
[White "sirebro"]
[Black "luchos74"]
[Result "0-1"]
[WhiteElo "1027"]
[BlackElo "1478"]

1. e4 e5 2. Bb5 c6 3. Ba4 b5 4. Bb3 c5 5. Bd5 Nc6 6. Qf3 Nf6 7. Bb3 c4 8. Nc3
cxb3 9. axb3 Bb7 10. Nge2 b4 11. Nb5 a6 12. c4 axb5 13. Rb1 bxc4 14. bxc4 Nd4
15. Qd3 Bxe4 16. Qg3 Bxb1 17. c5 Ra1 18. Qxe5+ Qe7 19. Qxd4 Qxc5 20. Qf4 Bd3 21.
O-O Bxe2 22. Re1 Be7 23. Qe3 Bb5 24. d4 Qd6 25. b3 Ng4 26. Qg5 Qxh2# 0-1